000 00543nam a22001937a 4500
999 _c2787
_d2787
003 AR-CdUCM
008 190305b ||||| |||| 00| 0 spa d
020 _a84-28-01622-9
040 _aMUNICIPALIDAD PROVINCIAL DEL CUSCO
_cBIBLIOTECA MUNICIPAL DEL CUSCO
082 _a868.07 /
_bOR74
100 _aOrtiz, Lourdes
_99714
245 _aLa Fuente de La Vida /
260 _aEspaña :
_bPlaneta ;
_c1995.
300 _a292 páginas ;
_c21cm
505 _aNovela
650 _aLiteratura española
_9193
942 _2ddc
_cLIBROS
945 _anom